000 00572nam a2200193Ia 4500
003 OSt
005 20200110143830.0
008 190216s9999||||xx |||||||||||||| ||und||
020 _a9780070077904
040 _coclc
082 _a332.042
_bAPT/I
100 _aApte, Prakash G
_91046
245 0 _aInternational Finance /
_cPrakash G Apte
250 _a2nd ed.
260 _bTata Mcgraw Hill Publishing Company Ltd,
_c2013.
_aNew Delhi:
300 _a365p
650 _aInternational Finance
942 _cBK
_2ddc
_h332.042
_iAPT/I
_k332.042
_mAPT/I
999 _c11292
_d11292